Zmenky v účtovníctve podnikateľov
Základné informácie o zmenkách. Druhy a náležitosti zmeniek. Účtovanie o zmenkách v sústave podvojného účtovníctva.
Guardado en:
| Autor principal: | |
|---|---|
| Formato: | Capítulo de libro |
| Lenguaje: | eslovaco |
| Materias: | |
| Etiquetas: |
Sin Etiquetas, Sea el primero en etiquetar este registro!
|
MARC
| LEADER | 00000naa a2200000 4500 | ||
|---|---|---|---|
| 001 | 0225098 | ||
| 005 | 20221104112952.3 | ||
| 041 | 0 | |a slo | |
| 044 | |a SK | ||
| 245 | 1 | 0 | |a Zmenky v účtovníctve podnikateľov |c Eva Gášpárová |
| 520 | |a Základné informácie o zmenkách. Druhy a náležitosti zmeniek. Účtovanie o zmenkách v sústave podvojného účtovníctva. | ||
| 610 | 2 | 0 | |a podnikatelia |
| 610 | 2 | 0 | |a účtovanie |
| 610 | 2 | 0 | |a zmenky |
| 610 | 2 | 0 | |a papiere cenné |
| 610 | 2 | 0 | |a účtovníctvo podvojné |
| 100 | 1 | |a Gášpárová, Eva | |